Методика розуміння іншомовного тексту учнями старших класів загальноосвітніх шкіл (Запис № 285926)

МАРК-запис
000 -Лідер
fixed length control field 01972nam a22002297a 4500
001 - Контрольний номер
control field 216222729
003 - Ідентифікатор контрольного номера
control field UA-OsUOA
005 - Дата та час останнього входження (трансакції)
control field 20220825130242.0
008 - Елементи даних фіксованої довжини – загальна інформація
fixed length control field 220825b un ||||f |||| 00| 0 ukr d
040 ## - Джерело каталогізації
Агенція оригінальної каталогізації UA-OsUOA
Мова каталогізації ukr
Агенція, яка здійснювала перезапис UA-OsUOA
Агенція, яка здійснювала модифікацію UA-OsUOA
041 ## - Код мови
Код мови тексту/ звукової доріжки чи окремого заголовка (П) ukr
080 ## - Індекс Універсальної десяткової класифікації
Індекс Універсальної десяткової класифікації (УДК) (НП) 371.3
090 ## - Локальний шифр розміщення
Класифікаційний індекс УДК 371.3
Авторський знак (НП) Ж86
100 ## - Основне введення – ім’я особи
Ім’я особи (НП) Жуковська О. В.
245 ## - Відомості про назву
Назва (НП) Методика розуміння іншомовного тексту учнями старших класів загальноосвітніх шкіл
Дані про відповідальність (НП) Жуковська О. В.
260 ## - Публікація, розповсюдження і т.п. (Вихідні дані)
Місце публікації, розповсюдження і т.п. (П) Острог
Ім’я/ наймення видавництва, розповсюджувача і т.п. (П) КАФ
Дата публікації, розповсюдження і т.п. (П) 2017
300 ## - Фізичний опис
Обсяг 49 с.
520 ## - Резюме і т.п.
Резюме, реферат, анотація, тощо (НП) Вступ.<br/>Розділ І. Теоретичні засади розуміння іншомовного тексту.<br/>1.1. Ілокутивний мовленнєвий акт як мінімальна одиниця мовленнєвого спілкування<br/>1.2. Розуміння слова у загальному контексті іншомовного тексту<br/>1.3. Іншомовний текст як обєкт розуміння<br/>Розділ ІІ. Методика навчання в процесі читання іншомовних текстів.<br/>2.1. Принципи навчання читання<br/>2.2. Аналітичне читання як засіб навчання розумінню тексту<br/>2.3. Навчання читання на старшому етапі загальноосвітньої школи з урахуванням елементів індивідуалізації<br/>2.4. Комплекс вправ для навчання учнів стратегіям ідентифікації слова в процесі читання іншомовних текстів<br/>Висновки.<br/>Список використаної літератури.<br/>Додатки.
650 ## - Додаткове предметне введення – тематичний термін
Тематичний термін чи географічна назва, як елемент введення (НП) 371.3 Методи та форми навчання
Джерело заголовка чи терміна UDC
942 ## - Додаткові елементи входу (Коха)
Тип елемента Koha Книги
Source of classification or shelving scheme Universal Decimal Classification
955 ## - Код типу видання за змістом
Код типу видання за змістом (НП) Наукові видання
Фонди
Стан вилучень Стан втрат Джерело класифікації або схеми стелажів Стан уражень Не для кредиту Постійне місце розташування Поточне розміщення Дата придбання Джерело придбання Вартість, звичайна ціна покупки Повний номер виклику Штрих-код Дата останнього перегляду Вартість, ціна заміни Ціна ефективна від Тип елемента Koha Примітка, призначена для загального доступу
    Universal Decimal Classification     ВІЛ - Відділ іноземн. літератури НБ ВІЛ - Відділ іноземн. літератури НБ 27/06/2017 Акт №02/17 1.00 371.3 Ж86 216027 10/11/2021 1.00 27/06/2017 Книги Дипломна робота (бакалавр)